Os 20 países mais conectados nas redes sociais - Statistics

Estatísticas Gerais
  • Esse quiz foi jogado 80 vezes
  • A pontuação média é 10 de 20
Estatísticas das Respostas
Média Países % Correto
3h34min Brasil
99%
3h08min Argentina
86%
3h04min México
79%
3h11min Chile
75%
3h22min Colômbia
73%
2h17min Itália
70%
2h23min Portugal
65%
3h37min África do Sul
56%
2h41min Egito
48%
3h11min Indonésia
48%
3h32min Nigéria
38%
2h30min Tailândia
36%
2h48min Malásia
34%
3h10min Arábia Saudita
32%
3h33min Filipinas
32%
2h23min Vietnã
25%
3h43min Quênia
18%
2h43min Gana
14%
2h20min Romênia
13%
2h26min Bulgária
10%
Nenhum quiz correspondente encontrado
Distribuição das Pontuações
Porcentagem de Pessoas com Cada Pontuação
Percentil de Números Respondidos
Sua Pontuação Histórica
Você não jogou esse quiz